000 00917cab a2200181 4500
001 ##L131451
008 051103n2005 000 0 eng u
035 _a(Sirsi) u131451
041 0 _aeng
100 1 _aTaylor, Christina
245 0 0 _aGrowing pains
260 _c2005
490 0 _aQS Week
_v(26) 19 October 2005 12-13(2)
520 _aReports on the growth in construction output in the North East of England, which has exceeded that in the rest of the country for the last four years. There is evidence that this growth is leading to tender inflation above the national average, as both contractors and sub-contractors become more selective. Fears have been expressed that this inflation will jeopardise the viability of some projects, and lead to the reappraisal of development proposals.
590 _aIKA081105
690 _aPROPERTY-PROPERTY DEVELOPMENT-SUSTAINABLE PROPERTY DEVELOPMENT
942 _n0
999 _c76084
_d76084